000 00810nam a22002055i 4500
001 163486
003 ES-MaACL
005 20250808084752.0
008 991112s1892 it |||| | ita d
040 _aM-RAJU
_bspa
_cM-RAJU
_dCCPB | B
100 1 _aRicci, Francesco.
_9131790
245 1 0 _aIndole e fonti delle obbligazioni e dei contratti /
_cper Francesco Ricci.
260 _aTorino :
_bUnione Tipográfico Editrice,
_c1892.
300 _a651 p. ;
_c25 cm.
650 4 _aContratos-
_zItalia.
_9223849
650 7 _aDerecho civil-
_zItalia
_2
_9151730
752 _aItalia -
_dTurin
852 _aES-MaACL
_jG-5186
_z-- Rust.
_x-- Edic.: Precede al tit.: "Trattati speciali di diritto civile con riferenze al Codice di commercio e alla più reccente Giurisprudenza
999 _c163486
_d163486